Avatar / (Record no. 17533)
[ view plain ]
| 000 -LEADER | |
|---|---|
| fixed length control field | 00866nam a22001817a 4500 |
| 005 - DATE AND TIME OF LATEST TRANSACTION | |
| control field | 20171010140145.0 |
| 008 - FIXED-LENGTH DATA ELEMENTS--GENERAL INFORMATION | |
| fixed length control field | 100317p20102009cau162 vleng d |
| 040 ## - CATALOGING SOURCE | |
| Original cataloging agency | EG-ScBUE |
| Transcribing agency | eng |
| Modifying agency | EG-ScBUE |
| 082 ## - DEWEY DECIMAL CLASSIFICATION NUMBER | |
| Edition number | 22 |
| Classification number | 791.43 |
| Item number | AVA |
| 245 ## - TITLE STATEMENT | |
| Title | Avatar / |
| Medium | [videorecording] |
| Statement of responsibility, etc | written and directed by James Cameron ; a Twentieth Century Fox presention in association with Dune Entertainment and Ingenious Film Partners ; a Lightstorm Entertainment production ; produced by James Cameron, Jon Landau |
| 260 ## - PUBLICATION, DISTRIBUTION, ETC. (IMPRINT) | |
| Place of publication, distribution, etc | Beverly Hills, CA. : |
| Name of publisher, distributor, etc | 20th Century Fox, |
| Date of publication, distribution, etc | 2010 . |
| 300 ## - PHYSICAL DESCRIPTION | |
| Extent | 1 videodisc (162 min.) : |
| Other physical details | sd., col. ; |
| Dimensions | 4 3/4 in. |
| 500 ## - GENERAL NOTE | |
| General note | Originally released as a motion picture in 2009 |
| 650 ## - SUBJECT ADDED ENTRY--TOPICAL TERM | |
| Topical term or geographic name as entry element | Human-alien encounters - |
| Form subdivision | Drama. |
| 9 (RLIN) | 33667 |
| 650 ## - SUBJECT ADDED ENTRY--TOPICAL TERM | |
| Topical term or geographic name as entry element | Extraterrestrial beings - |
| Form subdivision | Drama. |
| 9 (RLIN) | 33668 |
| 650 ## - SUBJECT ADDED ENTRY--TOPICAL TERM | |
| Topical term or geographic name as entry element | Life on other planets - |
| Form subdivision | Drama. |
| 9 (RLIN) | 33669 |
| 942 ## - ADDED ENTRY ELEMENTS (KOHA) | |
| Source of classification or shelving scheme | Dewey Decimal Classification |
| Item type | CD | DVD - Movie (NB) |
| Withdrawn status | Lost status | Source of classification or shelving scheme | Damaged status | Not for loan | Koha collection | Home library | Current library | Shelving location | Date acquired | Source of acquisition | Cost, normal purchase price | Serial Enumeration / chronology | Total Checkouts | Full call number | Barcode | Date last seen | Date last borrowed | Cost, replacement price | Koha item type |
|---|---|---|---|---|---|---|---|---|---|---|---|---|---|---|---|---|---|---|---|
| Dewey Decimal Classification | Baccah | Central Library | Central Library | Second Floor | 18/09/2013 | Purchase | 202.00 | 18080 | 2 | 791.43 AVA | 000028874 | 24/08/2022 | 22/09/2019 | 252.50 | CD | DVD - With book |